000
00294nam a2200121Ia 4500
005
20251222141934.0
008
251222s9999||||xx |||||||||||||| ||spa||
082
_a
210/G51D/1983
100
_a
Giussani, Luigi
245
0
_a
Decisione per l'esistenza: appunti
264
_b
Jaca Book
942
_c
LIB
999
_c
9139
_d
9139